Statistics for Pretty Hard Minecraft Quiz

Click here to take the quiz!

General Stats

  • This quiz has been taken 8 times
  • The average score is 12 of 50

Answer Stats

QuestionAnswer% Correct
What year was the Minecraft movie originally set to release?2018
71%
What was the name of the made-up dimension that was supposedly accessible through a glowstone frame and water?The Aether
71%
What block allows for water in the Nether?Cauldron
57%
In older versions, what item was used to craft chainmail armour?Fire
57%
Before Hypixel, what was the most popular server?Mineplex
57%
Which Bedrock server has Deathrun?The Hive
57%
What year did that snapshot come out?2020
43%
What was the name of the craftable saddle?Horse Saddle
43%
Who was Herobrine theorised to be?Notch’s Brother
43%
What was the original texture for emerald?Ruby
43%
What movie was the name of neo jumps inspired by?The Matrix
43%
What structure can diamond blocks naturally spawn in?Woodland Mansion
43%
What is the oldest anarchy server?2b2t
29%
What do turtles drop when struck by lightning?Bowl
29%
What was the original name for wool?Cloth
29%
What colour of axolotl was never added but remains in the game files?Green
29%
Other then Dinnerbone, what else can you name a mob to turn it upside down?Grumm
29%
What was the name of the first ever mob?Human
29%
Who composed the soundtrack for The Nether Update?Lena Raine
29%
Which structure, removed or not, is made up of the most blocks?Obsidian Wall
29%
In 2009, what was the name of the armour that was worn by zombies and skeletons?Plate Armour
29%
What is the oldest version called?Preclassic
29%
What was the only armour type that was removed that could be worn by the player?Studded Armour
29%
Roughly in real time, how long would it take to break one obsidian with no tools while swimming and inflicted with Mining Fatigue III.25 days
14%
By simply sprint-jumping, what is the longest doable jump?5 Block Jump
14%
What is the name of the free indie Minecraft horror game that was released on itch.io?A Craft of Mine
14%
What is the overall fastest bridging method?Andromeda Bridging
14%
What was the block added for 3 days on Minecraft’s 10th birthday?Anniversary Cake
14%
What is the name of player modelled pathfinding bots?Baritone
14%
What were the original three mini games for Bedrock edition?Battle, Tumble, and Glide
14%
What developer added the now removed mobs known as Steve, Black Steve, and Beast Boy?Dock
14%
What enchantment does the hidden leather cap found in some Woodland Mansions have on Bedrock edition and on the hidden Iron Axe in Java?Efficiency I
14%
As of 1.19, what is the rarest biome?Eroded Badlands
14%
In older versions, Creepers were able to deal melee damage and what?Jump
14%
What is the rarest item to find in a taiga village chest?Large Fern
14%
What is the oldest server?minecraftonline.com
14%
Before 1.19, what was the rarest biome?Modified Jungle’s Edge
14%
Which block summoned the Nether Spire in old Pocket edition?Nether Reactor Core
14%
What is the technique called where you throw an ender pearl into an unrendered chunk?Pearl Hanging
14%
What is the name of the language on the Enchantment Table?Standard Galactic
14%
What is the fastest bridging method able to be done consistently?Telly Bridging
14%
What is the name of the redstone machine, made with no command blocks, that detects if anyone eats anywhere in the server?The Mess Detector
14%
What was the name of the April Fool’s snapshot that added infinite dimensions?The Ultimate Content Update
14%
What is the name of the Minecraft map that contains leaked government secrets?The Uncensored Library
14%
What level of blast resistance does obsidian have?1,200
0%
How wide is the Outer End Gap in blocks?153,561
0%
What level of blast resistance does bedrock have?18,000,000
0%
What is the maximum number of blocks that can be spawned in with the /fill command?32,768
0%
Approximately how large is the diameter of a Minecraft world in blocks?60 million
0%
What was the username of the player that won MrBeast’s 1,000,000 blocks mining challenge?krangxd
0%

Score Distribution

Percentile by Number Answered

Percent of People with Each Score

Your Score History

You have not taken this quiz